1639 1540 1179 1441 1568 1325 1899 1446 1862 1154 1315 1368 1829 1403 1550 1634 1838 1779 1001 1371 1317 1924 1195 1116 1165 1056 1718 1424 1362 1926 1174 1102 1733 1028 1099 1304 1096 1633 1598 1349 1020 1243 1830 1285 1494 1105 1769 1680 1087 1235 1108 1603 1769 1498 1985 1129 1252 1743 1039 1275 1238 1201 1587 1509 1591 1860 1284 1905 1698 1419 1249 1687 1921 1585 1457 1493 1240 1702 1577 1500 1955 1867 1823 1292 1174 1203 1259 1927 1319 1139 1371 1472 1326 1438 1384 1070 1298 1579 1710 BCNSPRNW ULIB Ver.6.0+V

เปลี่ยนเป็นภาษาไทย

Change to English
 แสดงรายละเอียดบรรณานุกรม
  กลับหน้าหลัก

Brief Record : Get Marc (ISO 2709) : E-mail record : QR code < ปิดหน้าต่าง
LEADER : 00000nam 2200000uu 4500
001    13399115263
003     ULIB
008    120809s2555||||th 000 0 tha d
020    ^a9786162710254
060  4 ^aWP390^bส979ย
100 0  ^aโสภณ ชีวะธนรักษ์
245 10 ^aเยื่อบุมดลูกต่างที่ =^bEndometriosis /^cโสภณ ชีวะธนรักษ์
246 31 ^aEndometriosis
250    ^aพิทพ์ครั้งที่ 1
260    ^aสงขลา :^bชานเมืองการพิมพ์,^c2555
300    ^a[8], 306 หน้า :^bภาพประกอบ
505 0  ^aวิทยาการระบาดของ endometriosis - - พันธุศาสตร์ของ endometriosis - - กำเนิดพยาธิและวิทยาภูมิคุ้มกันของ endometriosis - - พยาธิสภาพและการวินิจฉัย endometriosis - - การจำแนกความรุนแรงของ endometriosis - - พยาธิสรีรวิทยาของอาการปวดและภาวะมีบุตรยากที่พบร่วมกับ endometriosis - - endometriosis กับมะเร็ง - - การรักษา endometriosis ด้วยยา - - การผ่าตัดรักษา endometriosis - - การรักษา endometriosis ด้วยยาก่อนหรือหลังการผ่าตัด - - endometriosis กับการผสมเทียมในโพรงมดลูกและเทคโนโลยีช่วยการเจริญพันธุ์ - - endometriosis ที่ทรวงอก กระเพาะปัสสาวะ และท่อไต
650  7 ^aเยื่อบุมดลูกต่างที่
650  7 ^aเยื่อบุมดลูก^xโรค
650  7 ^aมดลูก^xโรค
710 2  ^aมหาวิทยาลัยสงขลานครินทร์.^bหน่วยผลิตตำราคณะแพทยศาสตร์
945    ^p290^l0^i19180
995    ^aทศพร
999 ^a ใช้งานได้ทุกระบบ
รายการนี้ยังไม่มีแท็ก
คุณยังไม่ได้ล็อกอิน คุณสามารถมีกิจกรรมร่วมกับเว็บไซต์ได้ แต่ต้องล็อกอินก่อน ::
  ล็อกอิน

รายการสื่อสารสนเทศ

ลำดับที่ ประเภท เลขเรียก/บาร์โค้ด สถานที่ สถานะ
1. วิทยาศาสตร์การแพทย์ และสุขภาพ
วิทยาศาสตร์การแพทย์ และสุขภาพ
สถานะ=หนังสือเก่า
WP390 ส979ย  
  Barcode: 19180
ห้องสมุดวิทยาเขตนครสวรรค์
►ส่วนจัดเก็บหนังสือเก่า นว.
บนชั้น
  ขอยืม

รายการใกล้เคียง
    ผู้แต่ง [โสภณ ชีวะธนรักษ์]

BibComment


ยังไม่เคยถูกคอมเมนท์

คอมเมนท์ทรัพยากรรายการนี้
  คอมเมนท์: เยื่อบุมดลูกต่าง..


 Copyright 2026. Bcnsprnw @Library